MDQL
is popping MORE tags! Check the
thread
!
Quizzes
Events
Quiz Creation
Community
Videos
Private Events
Remove Ads
Sign In
Join for FREE
Feedback
Dark Mode
Quiz Categories
Sports
Geography
Music
Movies
Television
Just For Fun
Miscellaneous
History
Literature
Language
Science
Gaming
Entertainment
Religion
Holiday
For Kids
Quiz Lab
Recent
Popular Today
Quiz Kudos Today
Editor Picks
Curator Picks
Quizzes by...
Day
Popularity
Type
Ratings
Length
Year
Community
Subscriptions
Recent Discussions
Orange Saloon
Badges
Playlists
Quests
Create
Leaderboards
Showdown
Live 5
Trivia Bingo
Activity
Puzzle Library
Sporcle Events
Private Events
Virtual Trivia
Globe League
Become a Host
Pub Owners
SporcleCon
Opinionation
Our Games
Videos
Blog
Mobile Apps
Partnerships
Remove Ads and Go Orange
Feedback
History
US Presidents
World Leaders
Politics
Nation
Discovery
War
Decade
Year
Century
Biography
Art
History
US Presidents
World Leaders
Politics
Nation
Discovery
War
Decade
Year
Century
Biography
Art
Random Quiz
Search Sporcle
×
Quiz Lab
Quiz Lab
History
Japanese
Type in answers that appear in a list
Type in answers that appear in a list
Classic
Best Score? Go Orange.
WW2 Japanese Planes by Reporting Name Stats
Given the make and model, can you give the Allied reporting names for these Japanese WW2 airplanes?
By
carlosross
15m
76 Questions
113 Plays
113 Plays
113 Plays
Comments
Comments
Give Quiz Kudos
Give Quiz Kudos
-
- Ratings
hide this ad
Replay
Link that replays current quiz
Next Quiz
Link to next quiz in quiz playlist
You Got
0%
They Got
Avg Score
23%
Avg Friend Score
Upgrade to see
Score Distribution
Jump to the score distribution portion of the page
Score
0/76
Timer
15:00
0
Plays Today
Hint
Answer
% Correct
Mitsubishi G4M
Betty
85.8%
Nakajima B5N
Kate
78.8%
Aichi D3A
Val
74.3%
Mitsubishi A6M Reisen
Zeke
62.8%
Yokosuka P1Y1 Ginga
Fran or Frances
54%
Nakajima Ki-
43 Hayabusa
Oscar
53.1%
Nakajima Ki-
27
Nate (also Abdul, Clint)
46.9%
Kawasaki Ki-
61 Hien |
Ki-
100
Tony
44.2%
Mitsubishi J2M Raiden
Jack
43.4%
Kawanishi N1K1-
J/
N1K2-
J Shiden
George
41.6%
Mitsubishi Ki-
21
Sally
41.6%
Nakajima B6N Tenzan
Jill
39.8%
Nakajima Ki-
84 Hayate
Frank
38.9%
Kawanishi H8K
Emily
38.9%
Yokosuka D4Y Suisei
Judy
34.5%
Mitsubishi F1M
Pete
34.5%
Aichi E13A
Jake
31%
Mitsubishi A7M Reppū
Sam
30.1%
Mitsubishi A5M
Claude
29.2%
Kawasaki Ki-
45 Toryu
Nick
29.2%
Mitsubishi G3M
Nell
27.4%
Nakajima A6M2-
N
Rufe
25.7%
Mitsubishi Ki-
30
Ann
25.7%
Nakajima E8N
Dave
24.8%
Kawanishi H6K
Mavis
24.8%
Nakajima Ki-
44 Shōki
Tojo
23.9%
Aichi B7A Ryusei
Grace
23.9%
Aichi E16A Zuiun
Paul
23%
Kawasaki Ki-
32
Mary
23%
Nakajima Ki-
49 Donryu
Helen
22.1%
Mitsubishi Ki-
46
Dinah
21.2%
Nakajima A6M3-
32
Hamp
21.2%
Nakajima G5N Shinzan
Liz
20.4%
Nakajima C6N Saiun
Myrt
16.8%
Tachikawa Ki-
74
Patsy or Pat
16.8%
Mitsubishi Ki-
15 |
C5M
Babs or Norma
15.9%
Kawasaki Ki-
48
Lily or Julia
15.9%
Kawanishi E7K
Alf
15.9%
Hint
Answer
% Correct
Nakajima J1N1 Gekko
Irving
15%
Kawasaki Ki-
102
Randy
15%
Yokosuka B4Y
Jean
15%
Mitsubishi Ki-
67 Hiryu
Peggy
15%
Yokosuka E14Y
Glen
15%
Nakajima G8N Renzan
Rita
14.2%
Nakajima |
Shōwa L2D (Douglas DC-
3)
Tabby
14.2%
Kawanishi N1K Kyofu
Rex
14.2%
Mitsubishi Ki-
51
Sonia
14.2%
Yokosuka K5Y 'Akatombo'
Willow
14.2%
Tachikawa Ki-
36 |
Ki-
55
Ida
13.3%
Kawanishi E15K Shiun
Norm
13.3%
Kyūshū Q1W Tokai
Lorna
12.4%
Kyushu K10W
Oak
12.4%
Kokusai Ki-
105 Otori
Buzzard
12.4%
Mitsubishi Ki-
21-
IIb
Gwen
12.4%
Kawasaki Ki-
10
Perry
11.5%
Mitsubishi B5M
Mabel
11.5%
Mitsubishi Ki-
57 |
L4M
Topsy
11.5%
Tachikawa Ki-
54
Hickory
11.5%
Tachikawa Ki-
17
Cedar
10.6%
Yokosuka H5Y
Cherry
10.6%
Tachikawa Ki-
70
Clara
10.6%
Kokusai Ki-
86 |
Kyushu K9W
Cypress
10.6%
Kokusai Ku-
8
Goose or Gander
10.6%
Aichi D1A
Susie
10.6%
Tachikawa Ki-
9
Spruce
9.7%
Kawanishi H3K
Belle
9.7%
Mitsubishi Ki-
2
Louise
9.7%
Aichi E11A
Laura
9.7%
Yokosuka L3Y
Tina
9.7%
Kawasaki Ki-
56
Thalia
8.8%
Lockheed LO (Model 14 Super Electra)
Thelma
8.8%
Kokusai Ki-
59
Theresa
8.8%
Nakajima Ki-
34 |
L1N1
Thora
8%
Watanabe E9W
Slim
8%
Mitsubishi K3M
Pine
8%
Kokusai Ki-
76
Stella
8%
Quiz Playlist
Details
Report
Send in Message
Add To Playlist
Classic:
Type in answers that appear in a list
Quiz Source
Last Updated: Feb 16, 2017
Quiz Scoreboard
CHALLENGE
Sign Up to Join the Scoreboard
Show All
Scores
Hide
Comments
May contain spoilers
Recently Published
Two Season TV Shows II
by 123Four
Television
10m
Image Sorting: Flags VI
by Barbecue
Geography
2m
Find the 'City' Movie
by crazypaving
Movies
60s
More to Explore
Quiz From the Vault
Featured Blog Post
14 Easter Pick-up Lines to Find Eggs With
hide this ad
You Might Also Like...
Tags
Japanese Quiz
airplane
Allied
model
plane
Reporting
WW2
Today's Top Quizzes in History
Browse History
hide this ad
Today's Top Quizzes in Japanese
Browse Japanese
Top Contributed Quizzes in History
1
I Am Born On March 29th
2
Order Up: 1000 Years of World Events I
3
US National Parks Named After People
4
Popular People in 1991
5
Popular People in 1951
6
Popular People in 1941
7
Popular People in 1981
8
Popular People in 1986
9
Popular People in 1921
10
Popular People in 1976
Explore More
Trending Topics
Disney
NBA
Marvel
Crossword
Harry Potter
Anime
Kpop
Country
Pokémon
The Office
Puzzle
Song
NFL
Soccer
WWE
hide this ad
More By:
carlosross
Quiz
Plays
Rating
Category
Featured
Created
Most Common Birds By Country
377
Science
Jun 24, 2015
World of Dinosaurs
273
5.00
Science
Jun 4, 2015
Empires and Dynasties of China
183
5.00
History
Jun 24, 2015
WW2 Japanese Planes by Reporting Name
113
History
Jun 26, 2015
Largest Aircraft Carriers Throughout History
106
History
Jun 4, 2015
Go to Creator's Profile
Score Distribution
Quiz Creator Spotlight
carlosross
Follow
Send a Message
Quizzes Created
-
Created Quiz Play Count
-
More By This Creator
Popular Quizzes Today
1
Find the US States - No Outlines Minefield
2
Colored Red Africa Blitz
3
Find the 'City' Movie
4
5x2 Blitz: Bands
5
The Countries of the World
6
Find the Countries of Europe - No Outlines Minefield
7
Find the US States
8
US States
More History Quizzes
Eyes of the Presidents
Published
Trending Quizzes
Colored Red Europe Blitz I
Colored Red Africa Blitz II
Colored Red Europe Blitz II
Colored Red Europe Blitz III
Colored Red Africa Blitz III
Recently Updated
How Do You Spell That?
pecheneg
Godzilla Movies
pecheneg
Grab Bag: 4-10 Letters
pecheneg
2024 March Madness Bracket
pecheneg
Famous TV Couples
Peacemaker
Champions League XIs: Real Madrid
pecheneg
Largest US Cities 1790-2010
pecheneg
Rides in Walt Disney World
pecheneg
Most Oscar Losses (Acting)
pecheneg
Beyoncé Albums
pecheneg
Trending Topics
NBA
Kpop
Disney
Harry Potter
Marvel
Anime
Crossword
Puzzle
WWE
Country
The Office
Pokémon
Song
NFL
Soccer
Your Account Isn't Verified!
In order to create a playlist on Sporcle, you need to verify the email address you used during registration. Go to your
Sporcle Settings
to finish the process.
Report this User
Report this user for behavior that violates our
Community Guidelines
.
Details:
Send Report
Go to the Sporcle.com Mobile Site →
Comments